| 000 | 01338nam a2200397 i 4500 | ||
|---|---|---|---|
| 001 | 7926 | ||
| 003 | KOSZ 005 | ||
| 005 | 20221123143106.0 | ||
| 008 | 071022s1966 pl a f 001 0 pol | ||
| 015 | _aPB 1966/7039 | ||
| 040 |
_aWA N _cWA N _dKOSZ 005/RW _dKOSZ 005/HR |
||
| 046 | _k1966 | ||
| 080 | _a615 | ||
| 080 | _a725.1:614.2 | ||
| 080 | _a696 | ||
| 100 | 1 |
_aMadeyski, Andrzej _d(1924-2006) _eAutor |
|
| 245 | 1 | 0 |
_aUrządzenia sanitarno-techniczne w uzdrowiskach : _bprojektowanie i eksploatacja / _cAndrzej Madeyski. |
| 260 |
_aWarszawa : _b"Arkady", _c1966. |
||
| 300 |
_a343, [1] s., [7] s. tabl. : _bil., mapa ; _c25 cm. |
||
| 336 |
_2rdacontent _aTekst _btxt |
||
| 337 |
_2rdamedia _aBez urządzenia pośredniczącego _bn |
||
| 338 |
_2rdacarrier _aWolumin _bnc |
||
| 380 | _aKsiążki | ||
| 388 | _a1901-2000 | ||
| 504 | _aBibliogr. s. 302-[327]. Indeks. | ||
| 521 | 8 | _aDla inżynierów i techników. | |
| 650 | 4 | _aBalneotechnika | |
| 650 | 4 | _aInstalacje sanitarne | |
| 650 | 4 | _aUrządzenia | |
| 650 | 4 | _aUzdrowiska | |
| 658 | _aArchitektura i budownictwo | ||
| 658 | _aMedycyna i zdrowie | ||
| 710 | 2 |
_aWydawnictwo Arkady _4pbl. |
|
| 856 |
_uhttp://koha.tu.koszalin.pl/cgi-bin/koha/opac-detail.pl?biblionumber=7926 _yKatalog online BPK |
||
| 942 |
_2UKD _cKS |
||
| 999 |
_c7926 _d7926 |
||